00213nam a2200097Ia 4500008004100000100001700041245002600058260001400084260000900098300000800107170620s9999 xx 000 0 und d aSharma- A.K. 0aPlanning Field Manual bALFA Pub. c2008 a272